Statistics for Charlotte Hornets All-Time Roster

Click here to take the quiz!

General Stats

  • This quiz has been taken 233 times
  • The average score is 7 of 12

Answer Stats

PostPlayer% Correct
BNKemba Walker
91%
CAlonzo Mourning
86%
PFLarry Johnson
80%
SGDell Curry
67%
SFGlen Rice
67%
BNMuggsy Bogues
65%
PGBaron Davis
52%
BNGerald Wallace
45%
BNEddie Jones
39%
BNJamal Mashburn
29%
BNDavid Wesley
27%
BNAnthony Mason
26%

Score Distribution

Percentile by Number Answered

Percent of People with Each Score

Your Score History

You have not taken this quiz